Big 4 Top 75 Quiz Stats

 Plays Quiz Updated Jan 7, 2019

Challenge
Share
Tweet
Embed
Score 0/300 Timer 20:00
9 Plays Today
% Correct
Michael Jordan
89.2%
Jerry Rice
87.4%
Sam Rice
86.3%
Wayne Gretzky
85.9%
Emmitt Smith
85.4%
Kareem Abdul-Jabbar
84.5%
Pete Johnson
84%
Kobe Bryant
84%
Pete Rose
83.7%
LeBron James
82.8%
Edgerrin James
82%
Karl Malone
79.8%
Eddie Johnson
77.9%
Derek Jeter
75.2%
Shaquille O'Neal
74.4%
Billy Williams
71.3%
Babe Ruth
71.2%
Chipper Jones
70.7%
Dirk Nowitzki
70.5%
Frank Robinson
70.3%
Brooks Robinson
70.3%
Thurman Thomas
69.8%
Jim Brown
69.6%
Tim Brown
69.4%
Antonio Brown
69.3%
Randy Moss
69.1%
Gary Payton
68.8%
Calvin Johnson
68.5%
John Stockton
68.4%
Ty Cobb
68.2%
Walter Payton
67.9%
Cris Carter
66.7%
Harold Jackson
66.5%
Carlos Beltran
65.3%
LaDainian Tomlinson
65%
Marcus Allen
64.9%
Terry Allen
64.9%
Chet Walker
64.4%
Tim Duncan
64.3%
Alex Rodriguez
63.6%
Hank Aaron
63.4%
Ivan Rodriguez
63.4%
Jerry West
63.4%
Terrell Owens
63.2%
Julius Erving
62.7%
Gordie Howe
62.6%
Barry Sanders
62.3%
Barry Bonds
62%
Patrick Ewing
61.5%
Vince Carter
61.4%
Elvin Hayes
61.3%
David Robinson
61.2%
Brett Hull
59.9%
Bobby Hull
59.9%
Elgin Baylor
59.9%
Steve Smith
59.7%
Mario Lemieux
59.7%
Oscar Robertson
58.6%
Kevin Garnett
58.1%
Paul Pierce
57.5%
Charles Barkley
57.2%
Allen Iverson
56.4%
Willie Mays
56.3%
Cal Ripken
56.3%
Franco Harris
55.9%
Jaromir Jagr
55.8%
Lou Gehrig
55.2%
Ray Allen
55%
Curtis Martin
54.9%
Mark Messier
54.2%
Tony Gonzalez
54.1%
Glen Rice
54%
George Davis
53.9%
Dominique Wilkins
53.7%
Steven Jackson
53%
Reggie Miller
52.6%
Moses Malone
52.1%
Marvin Harrison
51.6%
Adrian Dantley
51.4%
Roberto Clemente
51.1%
Ottis Anderson
51.1%
Glenn Anderson
51.1%
Stan Musial
51%
Rick Nash
50.8%
Tony Gwynn
50.3%
Scottie Pippen
49.5%
Joe Johnson
49.5%
Larry Bird
49.3%
Marshall Faulk
49.3%
Tom Chambers
48.6%
Ken Griffey Jr.
48.3%
Shaun Alexander
47.8%
Dave Parker
47.4%
Wade Boggs
47.3%
Gary Roberts
46.9%
Jerome Bettis
46.9%
Isiah Thomas
46.1%
Robin Yount
46%
Honus Wagner
46%
Clifford Robinson
46%
% Correct
Andre Reed
45.9%
Paul Molitor
45.9%
Artis Gilmore
45.8%
Alex English
45.6%
Wilt Chamberlain
45.6%
Larry Fitzgerald
45.4%
Steve Yzerman
45.3%
Rickey Henderson
45.2%
Eddie Murray
45.1%
Craig Biggio
45.1%
Jim Taylor
44.8%
Charley Taylor
44.8%
Dave Taylor
44.8%
George Brett
44.6%
Reggie Theus
44.5%
Hakeem Olajuwon
43.9%
John Havlicek
43.8%
Adrian Peterson
43.8%
Bob Pettit
43.8%
Tracy McGrady
43.4%
Herschel Walker
43.2%
Bob Lanier
43.2%
Carl Yastrzemski
43%
George Gervin
42.8%
Maurice Richard
42.2%
Rob Gronkowski
41.8%
Ichiro Suzuki
41.5%
Maurice Jones-Drew
41.2%
Walt Bellamy
41.1%
Dwayne Wade
40.5%
Rod Carew
40.1%
Antawn Jamison
40.1%
LeSean McCoy
39.8%
Priest Holmes
39.8%
Eric Dickerson
39.3%
Clyde Drexler
39.2%
John Riggins
39.1%
Rafael Palmeiro
39%
Marshawn Lynch
39%
Phil Esposito
38.5%
Carmelo Anthony
38.4%
Alex Ovechkin
38.3%
Steve Largent
38%
Nellie Fox
38%
Robert Parish
38%
Al Kaline
38%
Dave Winfield
37.3%
Frank Gore
37.2%
Tris Speaker
37%
Patrick Marleau
36.7%
Isaac Bruce
36.7%
Rick Barry
36.6%
Joe Sakic
36.5%
Tony Dorsett
36.2%
Cap Anson
35.8%
Mel Ott
35.8%
Dave Bing
35.8%
Dolph Schayes
35.1%
Rogers Hornsby
34.6%
Dan Issel
34.4%
Antonio Gates
34.2%
Walter Davis
33.8%
Mike Modano
33.8%
Teemu Selanne
33.7%
Kevin Durant
33.4%
Tony Parker
33.2%
Chris Mullin
33%
Mike Bossy
33%
Nap Lajoie
32.9%
Lou Brock
32.8%
Hines Ward
32.6%
Jari Kurri
32.5%
Calvin Murphy
32.5%
Adrian Beltre
32.3%
Mitch Richmond
32.1%
Ron Francis
31.8%
Eddie Collins
31.7%
Marcel Dionne
31.7%
Eddie George
31.6%
Guy Lafleur
31.1%
Albert Pujols
31%
Corey Dillon
30.7%
Reggie Wayne
30.6%
Andre Dawson
30.3%
Fred Clarke
30.1%
Mark Aguirre
30.1%
Luc Robitaille
30%
Pavel Bure
29.9%
Paul Waner
29.6%
Brendan Shanahan
29.3%
Lenny Moore
29%
Roberto Alomar
28.8%
Bernard King
28.6%
Mike Gartner
28.5%
Stan Mikita
28.5%
Jason Terry
28.4%
Brandon Marshall
28.1%
Marian Hossa
28%
Jeremy Roenick
27.9%
Jarome Iginla
27.8%
% Correct
Clinton Portis
27.5%
Bryan Trottier
27.4%
Pau Gasol
27.4%
Ricky Watters
27.2%
Bob McAdoo
26.9%
Sergei Fedorov
26.8%
Mats Sundin
26.6%
Sam Crawford
26.2%
Tony Perez
25.6%
Jamal Crawford
25.2%
Gail Goodrich
25.2%
Gary Sheffield
25.1%
James Lofton
24.8%
Mark Recchi
24.4%
Dave Andreychuk
24.4%
Mark Clayton
24.3%
Anquan Boldin
24%
Hal Greer
24%
Omar Vizquel
23.8%
George Sisler
23.7%
Pat LaFontaine
23.5%
Al Simmons
23.2%
World B. Free
22.9%
Zach Randolph
22.8%
Lanny McDonald
22.8%
Tommy McDonald
22.7%
Dino Ciccarelli
22.7%
Don Hutson
22.6%
Dale Hawerchuk
22.1%
Dale Ellis
21.9%
Keith Tkachuk
21.8%
Charlie Gehringer
21.1%
Leroy Kelly
21.1%
Johnny Damon
21.1%
Andre Rison
20.9%
Theoren Fleury
20.9%
Joe Mullen
20.6%
Doug Gilmour
20.5%
Harold Baines
20.4%
Alexander Mogilny
20.3%
Bobby Mitchell
20.3%
Lance Alworth
20.3%
John Bucyk
20.1%
Jean Beliveau
20.1%
Joe Nieuwendyk
19.9%
Willie Keeler
19.8%
Denis Savard
19.7%
Luis Aparicio
19.3%
Terry Cummings
19.2%
Peter Bondra
19.2%
Don Maynard
19.1%
Pierre Turgeon
19.1%
Irving Fryar
19%
Joe Perry
18.9%
Luke Appling
18.9%
Michel Goulet
18.5%
Darryl Sittler
18%
Bill Buckner
17.7%
Gilbert Perreault
17.7%
Peter Stastny
17.5%
Zack Wheat
17.5%
Albert Pujols
17.5%
Fred Biletnikoff
17.4%
Rod Brind'Amour
17.3%
Lou Hudson
17.2%
Frankie Frisch
17%
Pat Verbeek
16.9%
Harold Carmichael
16.9%
James Brooks
16.8%
Chuck Foreman
16.7%
Bernie Nicholls
16.6%
Frank Mahovlich
16.4%
Frank Gifford
16.4%
Steve Shutt
16.4%
Al Oliver
16.3%
Rusty Staub
16%
Steve Larmer
15.9%
Daniel Alfredsson
15.7%
Alex Delvecchio
15.6%
Paul Warfield
15.5%
Jean Ratelle
15.2%
Alex Kovalev
15.2%
Vincent Damphousse
15.1%
Bill Guerin
14.9%
Rick Tocchet
14.9%
Goose Goslin
14.7%
Brian Bellows
14.7%
Art Powell
14.6%
Joey Galloway
14.3%
Vada Pinson
14.3%
Jake Beckley
14.1%
Jesse Burkett
14%
Brian Propp
14%
Steve VanBuren
13.8%
Norm Ullman
13.7%
Rick Middleton
13.7%
Max Carey
13.6%
Yvan Cournoyer
13.4%
Rick Vaive
13.2%
Doc Cramer
11.9%

You're not logged in!

Compare scores with friends on all Sporcle quizzes.
OR
Log In

You Might Also Like...

Show Comments

Extras

Top Quizzes Today


Score Distribution

Your Account Isn't Verified!

In order to create a playlist on Sporcle, you need to verify the email address you used during registration. Go to your Sporcle Settings to finish the process.

Report this User

Report this user for behavior that violates our Community Guidelines.

Details: